书目信息 |
| 题名: |
图书馆业务自学大全
|
|
| 作者: | 图丁 编著 | |
| 分册: | 15 图书馆业务自学大全索引 | |
| 出版信息: | 1980 |
|
| 页数: | 70页 | |
| 开本: | 19cm | |
| 丛书名: | 吉林省图书馆学会丛书 | |
| 单 册: | ||
| 中图分类: | G251.5 | |
| 科图分类: | ||
| 主题词: | 图书馆事业 , 图书馆学 | |
| 电子资源: | ||
| ISBN: | ||
| 000 | 00690nam0 2200217 450 | |
| 001 | 0630818422 | |
| 005 | 20060802165223.67 | |
| 100 | @a20060720d1980 km y0chiy0120 ea | |
| 101 | 0 | @achi |
| 200 | 1 | @a图书馆业务自学大全@h15@i图书馆业务自学大全索引@Atu shu guan ye wu zi xue da quan@f图丁编著@Ftu ding bian zhu |
| 210 | @d1980@g吉林省图书馆学会 | |
| 215 | @a70页@d19cm | |
| 225 | 2 | @a吉林省图书馆学会丛书 |
| 410 | 0 | @12001 @a吉林省图书馆学会丛书 |
| 517 | 1 | @a图书馆业务自学大全索引@Atu shu guan ye wu zi xue da quan suo yin |
| 606 | 0 | @a图书馆事业 |
| 606 | 0 | @a图书馆学 |
| 690 | @aG251.5@v3 | |
| 701 | 0 | @a图丁@Atu ding@4编著 |
| 801 | 0 | @aCN@bPFT@c20060802 |
| 905 | @a10447@dG251.5@e11:15 | |
| 图书馆业务自学大全.15.图书馆业务自学大全索引/图丁编著.-1980(吉林省图书馆学会) |
| 70页;19cm.-(吉林省图书馆学会丛书) |
| ISBN : |
| ● |
| 相关链接 |
|
|
|
|
正题名:图书馆业务自学大全
索取号:G251.5/11:15
 
预约/预借
| 序号 | 登录号 | 条形码 | 馆藏地/架位号 | 状态 | 备注 |
| 1 | 0441972 | 204419726 | 密集书库/ [索取号:G251.5/11:15] | 在馆 | |
| 2 | 0441973 | 204419735 | 密集书库/ [索取号:G251.5/11:15] | 在馆 | |
| 3 | 0441974 | 204419744 | 密集书库/ [索取号:G251.5/11:15] | 在馆 | |
| 4 | 0441975 | 204419753 | 密集书库/ [索取号:G251.5/11:15] | 在馆 | |
| 5 | 0441976 | 204419762 | 密集书库/ [索取号:G251.5/11:15] | 在馆 |